000 00856nam a2200229Ia 4500
005 20241129105855.0
008 241129s9999||||xx |||||||||||||| ||und||
020 _a978-81-956738-0-3
037 _aTB
040 _aARTS
_bhin
_cARTS
041 _ahin
_2san
084 _aO15,1D40:g(G:55) 152R2
_qARTS
100 _aस्मिता कुमारी, ले.
245 0 _aलघुत्रयी में प्रकृति - सौन्दर्य
_cस्मिता कुमारी, ले.
260 _aनई दिल्ली, भारत
_bअभ्युदय प्रकाशनम्
_c2022
300 _a282पृ0
365 _aINR
_b1000
546 _aTranslated from Sanskrit to Hindi
650 _aSanskrit Poetry
_9155567
942 _cTB
_hO15,1D40:g(G:55) 152R2
999 _c1226386
_d1226386